=LDR 00000nam 2200000 4500 =001 INLIS00000000000108 =005 20260702043538 =020 ##$$a 978-623-98472-2-7 =082 ##$$a 641.852 =100 1#$$a Azizah Lestari, S.P. =245 1 $$a Teknik Pembuatan Aneka Selai Buah /$c Azizah Lestari, S.P. =300 ##$$a 64 ; 14X21 cm